00602nam a2200169 i 4500001000700000003000900007005001700016008004100033245005900074260004700133300002500180490006600205651003700271700003500308830006600343852002300409166328ES-MaACL20230906213317.0190919s1969 sp |||| | spa d00aHomenaje a don José María de la Peña y Cámara. aMadrid : bJosé Porrua Turanzas, c1969. aXII 288 p ; c26 cm.1 aColección Chimalistac. Serie José Porrúa Turanzas ; v3 4aAmérica española-xHistoria.1 aPeña Cámara, José de la.1 aColección Chimalistac. Serie José Porrúa Turanzas ; v34 aES-MaACLjP-798-35